| 000 | 00925nas a2200313 4500 | ||
|---|---|---|---|
| 001 | BR0600199 | ||
| 003 | BR-BrBNA | ||
| 005 | 20231205105757.0 | ||
| 007 | ta | ||
| 008 | 230509b bl.|||p| |||| 00| 00por d | ||
| 040 |
_aBR-BrBNA _bpor _cBiblioteca Nacional de Agricultura |
||
| 041 | _a(Pt) | ||
| 072 | _aL73 | ||
| 100 | 1 | _aAfonso, J.A.B. | |
| 100 | 1 | _aKuchembuck, M.R.G. | |
| 100 | 1 | _aFeltrin, L.P.Z. | |
| 100 | 1 | _aLaposy, C.B. | |
| 100 | 1 | _aKohayagawa, A. | |
| 100 | 1 | _aMendonça, C.L. de | |
| 100 | 1 | _aTakahira, R.K. | |
| 245 | 1 | _aAvaliação do uso da monensina sódica na prevenção da acidose láctica ruminal experimental em ovinos | |
| 650 | _aOVINO | ||
| 650 | _aACIDOSE | ||
| 650 | _aANTI-HELMINTICO | ||
| 650 | _aDIETA | ||
| 773 | 0 |
_tVeterinária Notícias (Brazil) _xISSN 0104-3463 _g(2005), v. 11(1) p. 35-43 _wBR0600199 |
|
| 909 |
_a202311 _bLúcia _c55 _dLúcia Elande |
||
| 942 |
_2AGRIS _n0 _cANA |
||
| 999 |
_c184625 _d184625 |
||